East and Central Africa, a report on economic and commercial conditions. (Record no. 63950)

MARC details
000 -LEADER
fixed length control field 01027cam a22002771 4500
001 - CONTROL NUMBER
control field sa 65004785
003 - CONTROL NUMBER IDENTIFIER
control field DLC
005 - DATE AND TIME OF LATEST TRANSACTION
control field 20260227112133.0
008 - FIXED-LENGTH DATA ELEMENTS--GENERAL INFORMATION
fixed length control field 791012s1962 ii 000 0 eng
010 ## - LIBRARY OF CONGRESS CONTROL NUMBER
LC control number sa 65004785
035 ## - SYSTEM CONTROL NUMBER
System control number (OCoLC)5518421
040 ## - CATALOGING SOURCE
Original cataloging agency DLC
Transcribing agency IU
Modifying agency IU
-- NSyU
-- DLC
042 ## - AUTHENTICATION CODE
Authentication code premarc
050 00 - LIBRARY OF CONGRESS CALL NUMBER
Classification number HC517.E2
Item number I5
110 1# - MAIN ENTRY--CORPORATE NAME
Corporate name or jurisdiction name as entry element India (Republic).
Subordinate unit Directorate of Commercial Publicity.
245 10 - TITLE STATEMENT
Title East and Central Africa, a report on economic and commercial conditions.
260 ## - PUBLICATION, DISTRIBUTION, ETC.
Place of publication, distribution, etc. New Delhi
Date of publication, distribution, etc. [1962]
300 ## - PHYSICAL DESCRIPTION
Extent 146 p.
Dimensions 25 cm.
490 1# - SERIES STATEMENT
Series statement Its Economic and commercial reports
500 ## - GENERAL NOTE
General note "Based on the report of the Trade Commission for India, Mombasa (now shifted to Nairobi) for the year 1962."
651 #0 - SUBJECT ADDED ENTRY--GEOGRAPHIC NAME
Geographic name Africa, East
General subdivision Economic conditions.
651 #0 - SUBJECT ADDED ENTRY--GEOGRAPHIC NAME
Geographic name Africa, Central
General subdivision Economic conditions.
651 #0 - SUBJECT ADDED ENTRY--GEOGRAPHIC NAME
Geographic name Africa, East
General subdivision Commerce.
651 #0 - SUBJECT ADDED ENTRY--GEOGRAPHIC NAME
Geographic name Africa, Central
General subdivision Commerce.
810 1# - SERIES ADDED ENTRY--CORPORATE NAME
Corporate name or jurisdiction name as entry element India (Republic).
Subordinate unit Directorate of Commercial Publicity.
Title of a work Economic and commercial reports.

No items available.

Powered by Koha